000 01345nam0a22002651 4500
001 rc\4172564
005 20260408084832.0
021 _aRU
_b[53-1225]
035 _a(NLR Aleph) 008184405
090 _a7936262
_c7936262
100 _a20130415d1952 |||y0rusy50 ca
101 0 _arus
102 _aRU
105 _aa z |||||
200 1 _aТиповые высокие пассажирские платформы из сборных железобетонных блоков индустриального изготовления
_eРабочие чертежи
_fРазраб. Отд. типового проектирования Транстэипроекта в 1952 г.
210 _aМосква
_cБ. и.
_d1952
215 _a8 с., 72 отд. л. черт. в папке
_d32
225 1 _aМинистерство путей сообщения СССР. Главтранспроект
_v[Инв. № 5037]
606 _aПлатформы пассажирские
_jПроекты и чертежи
_2psbo
712 0 1 _aСССР
_bГлавное управление по изысканиям и проектированию на железнодорожном транспорте
_9296848
_3RU\NLR\AUTH\8810204472
801 0 _aRU
_bNLR
_gpsbo
801 1 _aRU
_bELAR
_2rusmarc
852 _aNLR
_jТ88 Г-8/229
942 _cBOOK
980 _aNB